Green Lantern Multiple Choice Quiz - Statistics

General Stats
  • This quiz has been taken 51 times
  • The average score is 18 of 20
Answer Stats
Question Answer % Correct
What planet is the Green Lantern Corps’ headquarters on? Oa
100%
Who leads the Red Lantern Corps? Atrocitus
98%
What oath do Green Lanterns recite? “In brightest day, in blackest night…”
98%
In the 2011 Green Lantern film, who played Hal Jordan? Ryan Reynolds
98%
Which villain was once a Green Lantern before turning against them? Sinestro
98%
Who is the love interest of Hal Jordan? Carol Ferris
95%
What emotion powers the Sinestro Corps? Fear
95%
Who founded the Sinestro Corps? Sinestro
95%
What is the Green Lantern Corps’ power source? The Central Power Battery on Oa
95%
What emotion or concept powers the Black Lantern Corps? Death
93%
What emotion powers the Green Lanterns? Willpower
93%
Who leads the Green Lantern Corps? Guardians of the Universe
91%
What colour ring does Larfleeze wield? Orange
88%
Which Lantern Corps is fueled by love? Violet
88%
What emotion fuels the Blue Lantern Corps? Hope
86%
What is the White Lantern Corps powered by? Life
81%
Which Lantern animal is a Red Lantern cat? Dex-Starr
77%
Which Lantern Corps is powered by compassion? Indigo
77%
Who is the Green Lantern who resembles a squirrel? Ch’p
74%
Who was the first human Green Lantern of Earth? Hal Jordan
35%
No matching quizzes found
Score Distribution
Percent of People with Each Score
Percentile by Number Answered
Your Score History
You have not taken this quiz